1460 1065 1294 1431 1031 1022 1843 1584 1329 1282 1367 1966 1782 1614 1271 1852 1782 1073 1002 1494 1054 1054 1556 1597 1346 1628 1378 1191 1113 1857 1603 1115 1626 1460 1693 1662 1470 1645 1353 1913 1122 1413 1133 1661 1411 1631 1226 1399 1936 1480 1814 1376 1857 1310 1263 1911 1764 1887 1929 1143 1065 1354 1521 1145 1612 1085 1767 1709 1482 1834 1243 1131 1068 1903 1565 1337 1821 1923 1444 1799 1693 1482 1345 1082 1211 1574 1661 1460 1722 1726 1409 1917 1754 1572 1908 1255 1254 1059 1928 BCNSPRNW ULIB Ver.6.0+V

เปลี่ยนเป็นภาษาไทย

Change to English
 แสดงรายละเอียดบรรณานุกรม
  กลับหน้าหลัก

Brief Record : Get Marc (ISO 2709) : E-mail record : QR code < ปิดหน้าต่าง
LEADER : 00000nam 2200000uu 4500
001    13399122498
003     ULIB
008    120731s2555||||th 000 0 tha d
020    ^a9786160605521
090    ^aนว.^bT551พ
100 0  ^aTiara
245 00 ^aเพชรพราย...ประกายรัก /^cTiara
250    ^aพิมพ์ครั้งที่ 2
260    ^aกรุงเทพฯ :^bแจ่มใส,^c2555
300    ^a253 หน้า
500    ชุดพิเศษ ความรู้สึกดี...ที่เรียกว่ารัก
710 1  ^aแจ่มใส
945    ^p189^l0^i19957
995    ^aทศพร
999    ^aใช้งานได้ทุกระบบ
รายการนี้ยังไม่มีแท็ก
คุณยังไม่ได้ล็อกอิน คุณสามารถมีกิจกรรมร่วมกับเว็บไซต์ได้ แต่ต้องล็อกอินก่อน ::
  ล็อกอิน

รายการสื่อสารสนเทศ

ลำดับที่ ประเภท เลขเรียก/บาร์โค้ด สถานที่ สถานะ
1. นวนิยาย
นวนิยาย
นว. T551พ  
  Barcode: 19957
ห้องสมุดวิทยาเขตสวรรค์ประชารักษ์
►นวนิยาย
บนชั้น
  ขอยืม

รายการใกล้เคียง
    ผู้แต่ง [Tiara]

BibComment


ยังไม่เคยถูกคอมเมนท์

คอมเมนท์ทรัพยากรรายการนี้
  คอมเมนท์: เพชรพรายประกายรั..


 Copyright 2026. Bcnsprnw @Library